Systém výchovy a vzdělávání v československém družstevnictví
Uložené v:
| Hlavný autor: | |
|---|---|
| Médium: | Kniha |
| Jazyk: | Czech |
| Vydavateľské údaje: |
Praha
Svépomoc
1985
|
| Tagy: |
Žiadne tagy, Buďte prvý, kto otaguje tento záznam!
|
MARC
| LEADER | 00000nam a2200000 4500 | ||
|---|---|---|---|
| 001 | c110672 | ||
| 005 | 20041019155147.5 | ||
| 041 | 0 | |a cze | |
| 044 | |a CZ | ||
| 245 | 1 | 0 | |a Systém výchovy a vzdělávání v československém družstevnictví |c Jaroslav Mužík |
| 264 | 1 | |a Praha |b Svépomoc |c 1985 | |
| 300 | |a 93 s. | ||
| 100 | 1 | |a Mužík, Jaroslav | |